000 00539nmm a2200169Ia 4500
008 251105s9999||||xx |||||||||||||||||und||
020 _a0916379566
041 _aeng
100 _aHelí Hernández, J. (ed.)
245 0 _aItalo-Hispanic Literary Relations
264 _a[Washington, Estados Unidos] :
_bScripta Humanistica,
_c1990
300 _a150 páginas
490 _aItalian Literature, Language, and Culture
650 _aItalian literature and language
856 _uhttps://public.digitaliapublishing.com/a/219
942 _cCF
999 _c72937
_d72937